Największe miasta w Bułgarii - Statystyki

Ogólne statystyki
  • Ten quiz został rozwiązany 69 razy
  • Średni wynik to 6 z 15
Statystyki odpowiedzi
LP Liczba ludności Miasta % Poprawnych
1. 1.152.600 Sofia
100%
3. 312.800 Warna
98%
2. 340.500 Płowdiw
83%
4. 196.000 Burgas
73%
6. 143.400 Stara Zagora
44%
5. 156.200 Ruse
42%
8. 96.400 Sliwen
24%
9. 94.800 Dobricz
20%
15. 71.300 Błagojewgrad
17%
13. 79.700 Chaskowo
17%
7. 114.800 Plewen
17%
10. 87.300 Szumen
17%
14. 76.000 Pazardżik
12%
12. 80.100 Jamboł
10%
11. 82.500 Pernik
5%
Nie znaleziono quizów pasujących do podanych kryteriów
Rozkład punktacji
Procent ludzi z każdym wynikiem
Percentyl według liczby udzielonych odpowiedzi
Twoja historia wyników
Nie rozwiązałeś tego quizu